000 00518nam a2200169Ia 4500
008 210716s2006 xx 000 0 und d
020 _a8131404137
041 _aeng
082 _a658.4063 BANR
100 _aKumar, Ravi;Bandamutha, Jain;Prabhakar, K Rajesh.
245 _aIT and business strategy: an interface.
_bInterface.
250 _a1
260 _aHyderabad
_bICFAI University Press
_c2006
300 _ax,191
650 _aGeneral Management
700 _aBandamutha, Jain;Kumar, Ravi;Prabhakar, K Rajesh.
999 _c202370
_d202370